Inversión social en Guatemala, El Salvador y Honduras; apéndice
Gardado en:
| Formato: | Texto |
|---|---|
| Materias: | |
| Etiquetas: |
Engadir etiqueta
Sen Etiquetas, Sexa o primeiro en etiquetar este rexistro!
|
MARC
| LEADER | 00000 a a2200000 04500 | ||
|---|---|---|---|
| 001 | 4247 | ||
| 003 | |||
| 040 | |||
| 090 | |a REV0229 (45) 1991 | ||
| 245 | |a Inversión social en Guatemala, El Salvador y Honduras; apéndice | ||
| 500 | |a Extractos del documentos Social Investment in Guatemala, El Salvador and Honduras. Trad. no oficial | ||
| 650 | |a INVERSIONES | ||
| 650 | |a GASTOS SOCIALES | ||
| 650 | |a INDICADORES SOCIALES | ||
| 650 | |a POBREZA | ||
| 650 | |a GOBIERNO | ||
| 650 | |a PROYECTOS | ||
| 650 | |a INSTITUCIONES FINANCIERAS | ||
| 773 | |g número 45; páginas 77-96 | ||
| 999 | |c 39779 |d 39779 | ||
